Savvy.

Bibliographic Details
Format: Journal
Language:English
Published: [New York, N.Y.] : [Savvy Co.], [1980-]
Subjects:
Online Availability: Check for online availability

MARC

Tag First Indicator Second Indicator Subfields
LEADER 00000cas a2200000 a 4500
001 in00000073704
005 20151008054656.0
008 790912c19809999nyumr1p 0uuua0engmd
010 |a  80642209   |z sn 79008546  
012 |a 2  |b 3  |k 1  |l f  |m c 
022 0 |a 0194-2581 
035 |a (OCoLC)05366064 
035 |9 AAJ1348AM 
037 |b Savvy Magazine, P.O. Box 2495, Boulder, CO 80332 
040 |a NSD  |c NSD  |d DLC  |d NSD  |d NST  |d OCL  |d TXA  |d UtOrBLW 
042 |a nsdp  |a lc 
043 |a n-us--- 
049 |a TXAE 
050 0 0 |a HF5500.3.U54  |b S28 
082 0 |a 331.4/81658/0973 
210 0 |a Savvy  |b (New York) 
222 0 |a Savvy  |b (New York) 
245 0 0 |a Savvy. 
264 1 |a [New York, N.Y.] :  |b [Savvy Co.],  |c [1980-] 
300 |a volumes :  |b illustrations ;  |c 28 cm. 
310 |a Monthly 
336 |a text  |b txt  |2 rdacontent 
337 |a unmediated  |b n  |2 rdamedia 
338 |a volume  |b nc  |2 rdacarrier 
362 0 |a Vol. 1, no. 1 (Jan. 1980)- 
650 0 |a Women executives  |z United States  |x Periodicals. 
999 |a MARS 
999 f f |s 4bdcdc9a-2cb8-3c69-b643-c36dc18d4081  |i 62b82909-6b02-3322-9016-d59fd0d80a00  |t 0 
952 f f |p ric  |a Texas A&M University  |b Rellis Campus  |c Joint Library Facility  |d Remote Storage  |t 0  |e HF5500.3.U54 S28  |h Library of Congress classification  |i unmediated -- volume  |k v.9:no.1-4  |l 1988:Jan.-Apr.  |m A14814361847 
952 f f |p ric  |a Texas A&M University  |b Rellis Campus  |c Joint Library Facility  |d Remote Storage  |t 0  |e HF5500.3.U54 S28  |h Library of Congress classification  |i unmediated -- volume  |k v.2:no.1-6  |l 1981:Jan.-June  |m A14851425174 
952 f f |p ric  |a Texas A&M University  |b Rellis Campus  |c Joint Library Facility  |d Remote Storage  |t 0  |e HF5500.3.U54 S28  |h Library of Congress classification  |i unmediated -- volume  |k v.4:no.1-6  |l 1983:Jan.-June  |m A14851425216 
952 f f |p ric  |a Texas A&M University  |b Rellis Campus  |c Joint Library Facility  |d Remote Storage  |t 0  |e HF5500.3.U54 S28  |h Library of Congress classification  |i unmediated -- volume  |k v.4:no.7-12  |l 1983:July-Dec.  |m A14851425224 
952 f f |p ric  |a Texas A&M University  |b Rellis Campus  |c Joint Library Facility  |d Remote Storage  |t 0  |e HF5500.3.U54 S28  |h Library of Congress classification  |i unmediated -- volume  |k v.2:no.7-12  |l 1981:July-Dec.  |m A14851425182 
952 f f |p ric  |a Texas A&M University  |b Rellis Campus  |c Joint Library Facility  |d Remote Storage  |t 0  |e HF5500.3.U54 S28  |h Library of Congress classification  |i unmediated -- volume  |k v.6:no.1-6  |l 1985  |m A14851425257 
952 f f |p ric  |a Texas A&M University  |b Rellis Campus  |c Joint Library Facility  |d Remote Storage  |t 0  |e HF5500.3.U54 S28  |h Library of Congress classification  |i unmediated -- volume  |k v.6:no.7-12  |l 1985  |m A14851425265 
952 f f |p ric  |a Texas A&M University  |b Rellis Campus  |c Joint Library Facility  |d Remote Storage  |t 0  |e HF5500.3.U54 S28  |h Library of Congress classification  |i unmediated -- volume  |k v.3:no.7-12  |l 1982:July-Dec.  |m A14851425208 
952 f f |p ric  |a Texas A&M University  |b Rellis Campus  |c Joint Library Facility  |d Remote Storage  |t 0  |e HF5500.3.U54 S28  |h Library of Congress classification  |i unmediated -- volume  |k v.7:no.1-6  |l 1986  |m A14851425273 
952 f f |p ric  |a Texas A&M University  |b Rellis Campus  |c Joint Library Facility  |d Remote Storage  |t 0  |e HF5500.3.U54 S28  |h Library of Congress classification  |i unmediated -- volume  |k v.5:no.1-6  |l 1984:Jan.-June  |m A14851425232 
952 f f |p ric  |a Texas A&M University  |b Rellis Campus  |c Joint Library Facility  |d Remote Storage  |t 0  |e HF5500.3.U54 S28  |h Library of Congress classification  |i unmediated -- volume  |k v.3:no.1-6  |l 1982:Jan.-June  |m A14851425190 
952 f f |p ric  |a Texas A&M University  |b Rellis Campus  |c Joint Library Facility  |d Remote Storage  |t 0  |e HF5500.3.U54 S28  |h Library of Congress classification  |i unmediated -- volume  |k v.8:no.1-6  |l 1987:Jan.-June  |m A14811362315 
952 f f |p ric  |a Texas A&M University  |b Rellis Campus  |c Joint Library Facility  |d Remote Storage  |t 0  |e HF5500.3.U54 S28  |h Library of Congress classification  |i unmediated -- volume  |k v.1:no.1-6  |l 1980:Jan.-June  |m A14851425158 
952 f f |p ric  |a Texas A&M University  |b Rellis Campus  |c Joint Library Facility  |d Remote Storage  |t 0  |e HF5500.3.U54 S28  |h Library of Congress classification  |i unmediated -- volume  |k v.1:no.7-12  |l 1980:July-Dec.  |m A14851425166 
952 f f |p ric  |a Texas A&M University  |b Rellis Campus  |c Joint Library Facility  |d Remote Storage  |t 0  |e HF5500.3.U54 S28  |h Library of Congress classification  |i unmediated -- volume  |k v.7:no.7-12  |l 1986  |m A14851425281 
952 f f |p ric  |a Texas A&M University  |b Rellis Campus  |c Joint Library Facility  |d Remote Storage  |t 0  |e HF5500.3.U54 S28  |h Library of Congress classification  |i unmediated -- volume  |k v.8:no.7-12  |l 1987:July-Dec.  |m A14811362365 
952 f f |p ric  |a Texas A&M University  |b Rellis Campus  |c Joint Library Facility  |d Remote Storage  |t 0  |e HF5500.3.U54 S28  |h Library of Congress classification  |i unmediated -- volume  |k v.5:no.7-12  |l 1984:July-Dec.  |m A14851425240 
998 f f |a HF5500.3.U54 S28  |s v.9:no.1-4 (1988:Jan.-Apr.)  |t 0  |l Remote Storage